Kürtlerin kökü / (Kayıt no. 10227)

MARC ayrıntıları
000 -BAŞLIK
Sabit Uzunluktaki Kontrol Alanı 00700nam a22002177a 4500
003 - KONTROL NUMARASI KİMLİĞİ
Kontrol Alanı KOHA_MİRAKIL
005 - EN SON İŞLEM TARİHİ ve ZAMANI
Kontrol Alanı 20260414084650.0
008 - SABİT UZUNLUKTAKİ VERİ ÖGELERİ - GENEL BİLGİ
Sabit Alan 260414b tu ||||| |||| 00| 0 tur d
040 ## - KATALOGLAMA KAYNAĞI
Özgün Kataloglama Kurumu TR-AnABB
Kataloglama Dili tur
Çeviri Kurumu TR-AnABB
041 ## - DİL KODU
Metin ya da ses kaydının dil kodu tur
082 ## - DEWEY ONU SINIFLAMA SİSTEMİ
Sınıflama Numarası 306.09561
Cutter numarası KIR 1963
100 1# - KİŞİ ADI
Yazar Adı (Kişi adı) Kırzıoğlu, M. Fahrettin
245 10 - ESER ADI BİLDİRİMİ
Başlık Kürtlerin kökü /
Sorumluluk Bildirimi M. Fahrettin Kırzıoğlu
260 ## - YAYIN, DAĞITIM, VB.
Yayın Yeri Diyarbakır :
Yayınevi Diyarbakırı Tanıtma Derneği Yayınları,
Yayın Tarihi 1963
300 ## - FİZİKSEL TANIMLAMA
Sayfa, Cilt vb. 30 sayfa ;
Boyutları 24 cm
490 0# - DİZİ BİLDİRİMİ
Dizi Bildirimi Diyarbakır Tanıtma Derneği Yayınları ;
Cilt Numarası Sayı: 9
490 0# - DİZİ BİLDİRİMİ
Dizi Bildirimi Tarih takımı ;
Cilt Numarası 3
650 04 - KONU BAŞLIĞI EK GİRİŞ - KONU TERİMİ
Konusal terim veya coğrafi ad Sosyal yaşam ve gelenekler
650 04 - KONU BAŞLIĞI EK GİRİŞ - KONU TERİMİ
Konusal terim veya coğrafi ad Etnoloji
942 ## - EK GİRİŞ ÖGELERİ (KOHA)
Sınıflama Kaynağı Dewey Decimal Classification
Materyal Türü Kitap
900 ## - YEREL BİLGİ
Kontrol Can ÇELIK
Mevcut
Geri Çekilme Durumu Kayıp Durumu Sınıflandırma Kaynağı Kredi için değil Kalıcı Konum Mevcut Konum Kayıt Tarih Toplam Ödünçverme Yer Numarası Demirbaş Numarası Son Görülme Tarihi Fatura Tarihi Materyal Türü
    Dewey Decimal Classification   Prof. Dr. Ruşen Keleş Kütüphanesi Prof. Dr. Ruşen Keleş Kütüphanesi 14/04/2026   306.09561 KIR 1963 RK7065 14/04/2026 14/04/2026 Kitap